1689 1369 1332 1786 1472 1334 1407 1372 1949 1461 1723 1494 1932 1595 1520 1438 1891 1543 1998 1522 1675 1895 1117 1120 1235 1735 1977 1301 1538 1268 1598 1266 1513 1711 1137 1980 1087 1895 1141 1270 1596 1334 1233 1481 1532 1829 1456 1618 1905 1479 1561 1854 1332 1854 1763 1851 1128 1932 1821 1133 1162 1482 1057 1587 1428 1002 1524 1639 1605 1331 1616 1726 1367 1105 1070 1540 1200 1851 1121 1218 1503 1539 1078 1884 1670 1050 1396 1028 1433 1951 1373 1736 1511 1832 1022 1182 1271 1553 1900 BCNSPRNW ULIB Ver.6.0+V

เปลี่ยนเป็นภาษาไทย

Change to English
 แสดงรายละเอียดบรรณานุกรม
  กลับหน้าหลัก

Brief Record : Get Marc (ISO 2709) : E-mail record : QR code < ปิดหน้าต่าง
LEADER : 00000nam 2200000uu 4500
001    13399125901
003     ULIB
008    170925s2557||||th 000 0 tha d
020    ^a9789990099713
050  0 ^aLB2831.8^bจ343ก
100 0   ^aจิติมา วรรณศรี
245  1  ^aการบริหารงานวิชาการในสถานศึกษา /^cจิติมา วรรณศรี.
260    ^aพิษณุโลก : ^bรัตนสุวรรณการพิมพ์ 3 , ^c2557.
300    ^a160 หน้า : ^bภาพประกอบ ; ^c25 ซม.
650    4^aโรงเรียน^xการบริหาร.
650  4 ^aการนิเทศการศึกษา.
650  4 ^aการบริหารงานวิชาการ.
650  4 ^aหลักสูตร^xการบริหาร.
945    ^p0^l0^i003358
999    ^aประนอม เกษจรัล
รายการนี้ยังไม่มีแท็ก
คุณยังไม่ได้ล็อกอิน คุณสามารถมีกิจกรรมร่วมกับเว็บไซต์ได้ แต่ต้องล็อกอินก่อน ::
  ล็อกอิน

รายการสื่อสารสนเทศ

ลำดับที่ ประเภท เลขเรียก/บาร์โค้ด สถานที่ สถานะ
1. วิทยาศาสตร์การแพทย์ และสุขภาพ
หนังสือสำรอง
สถานะ=หนังสือสำรอง
LB2831.8 จ343ก ฉ.1 
  Barcode: 003358
ห้องสมุดวิทยาเขตนครสวรรค์
►นวนิยาย:l:Fiction
บนชั้น

รายการใกล้เคียง
    ผู้แต่ง [จิติมา วรรณศรี]

    หัวเรื่อง [การนิเทศการศึกษา.]
    หัวเรื่อง [การบริหารงานวิชาการ.]

BibComment


ยังไม่เคยถูกคอมเมนท์

คอมเมนท์ทรัพยากรรายการนี้
  คอมเมนท์: การบริหารงานวิช..


 Copyright 2026. Bcnsprnw @Library